000 00942nam a2200253 a 4500
001 000004386
005 20200929151432.0
008 810608s1975 it ab 000 0 spa
040 _aDO-SdBNP
_bspa
_cBNPHU
082 _a636.4
_bF873r
100 1 _aFrench, M. H.
_912909
245 1 0 _aRazas europeas de ganado bovino /
_cM. H. French ; colaborador, I. Johansson, N. R. Joshi, E. A. Mc Laughlin.
260 _aRoma :
_bOrganización de las Naciones Unidas para la Agricultura y la Alimentación,
_c1975.
300 _av. :
_bil., tablas ;
_c23 cm.
490 1 _aFAO. Estudios agropecuarios
_vno. 67
500 _aEstudios agropecuarios
650 4 _aRazas de ganado vacuno
_zEuropa
_912910
650 4 _aCría de ganado vacuno
_92466
650 4 _aBovinos
_zEuropa
_912911
700 1 _aJohansson, I.
_912912
700 1 _aJoshi, N. R.
_912913
700 1 _aLaughlin, E. A. Mc.
_912914
830 0 _aFAO. Estudios agropecuarios;
_vno. 67
_912915
999 _c4195
_d4195